Divertidas aventuras del nieto de juan moreira /

Guardado en:
Autor Principal: Payró, Roberto J.
Formato: Libro
Publicado: Buenos Aires : Losada, 1957
Edición:4a. ed.
Series:Biblioteca Contemporánea
Materias:
Etiquetas: Agregar Etiqueta
Sin Etiquetas, Sea el primero en etiquetar este registro!
LEADER 00793nam a22002415a 4500
001 CEM.cems004940
005 20100712094131.0
008 130507s1957##################000#0#####d
003 CEMS
082 0 4 |a A863.3 
100 1 |a Payró, Roberto J. 
245 1 0 |a Divertidas aventuras del nieto de juan moreira /  |c Roberto J. Payró 
250 |a 4a. ed. 
260 |a Buenos Aires :  |b Losada,  |c 1957 
300 |a 252 p. 
490 0 |a Biblioteca Contemporánea 
653 |a Literatura 
653 |a Literatura argentina 
653 |a Novela argentina-siglo 20 
653 |a Novelas 
859 |a CEMS  |b BIB. CEMS - 11 de abril  |h A863.3  |i P295a4  |p 14576.75  |t Ej.1 
859 |a CEMS  |b BIB. CEMS - 11 de abril  |h A863.3  |i P295a4  |p 14577.75  |t Ej.2 
859 |a CEMS  |b BIB. CEMS - 11 de abril  |h A863.3  |i P295a4  |p 14578.75  |t Ej.3